000 02303nam0a2200373 4500
001 RU\NLR\bibl\1859794
005 20260406230321.0
010 _a978-5-87730-483-3
_9500
035 _a(nilc)RSL-KNO-004759475
035 _a(NLR Aleph) 001849700
090 _a2384818
_c2384818
100 _a20101102d2010 |||y0rusy50 ca
101 0 _arus
102 _aRU
105 _aa zzzz|||||
200 1 _aРоль преподавателя в формировании мировоззрения студенческой молодежи на основе духовно-нравственного воспитания и семейных традиций
_eматериалы республиканской научно-практической конференции, посвященной Году учителя в Российской Федерации (30 марта 2010 г., г. Казань)
_f[ред.-сост.: Е.О. Шишова]
210 _aКазань
_cТГГПУ
_d2010
215 _a239, [6] с.
_cил., табл.
_d21
300 _aВ надзаг.: М-во образования и науки РФ, Поволж. отд-ние Рос. акад. образования, М-во образования и науки РТ, ГОУ ВПО "Тат. гос. гуманит.-пед. ун-т", Фак. психол.-пед. образования
320 _aБиблиогр. в конце ст.
606 1 _aСтуденты
_jСъезды, совещания и т.п.
_xДуховно-нравственное воспитание
_92453295
_3RU\NLR\auth\661458470
606 1 _aМировоззрение
_jСъезды, совещания и т.п.
_xФормирование в высшей школе
_91661393
_3RU\NLR\auth\66736168
686 _aЧ481,6(2)352я431(2)
_2rubbk
686 _aЧ481,6(2)421я431(2)
_2rubbk
686 _aЧ481.352я431
686 _aЧ481.350я431
702 1 _aШишова
_bЕ. О.
_gЕвгения Олеговна
_4220
712 0 2 _4570
_aРоссийская академия образования
_bПоволжское отделение
_9460878
_3RU\NLR\AUTH\889982456
801 0 _aRU
_bРГБ
_c20101102
_grcr
801 1 _aRU
_bРГБ
_c20101102
801 2 _aRU
_bNLR
_c20120124
_grcr
942 _cBOOK
980 _aNB